• 首页
  • 本馆介绍
  • 公告通知
  • 最新文献
  • 馆藏检索
  • 电子资源
  • 读者导购
  • 参考咨询
  • 我的图书馆
  • 登录
  • 详细信息显示
  • 放入我的书架
  • 预约/预借图书
  • 作者相关作品
  • 分类相关作品
  • 丛书相关作品
  • 出版社相关作品

书目信息

  • 表格格式
  • 工作单格式
  • 卡片格式
题名:
全球媒体
    
 
作者: 赫尔曼 , 麦克切斯尼 著 ;甄春亮 译
分册:  
出版信息: 天津   天津人民出版社  2001
页数: 266页
开本: 20cm
丛书名:
单 册:
中图分类: G219.14
科图分类:
主题词: 新闻组织机构--概况--世界 , 新闻组织机构
电子资源:
ISBN: 7-201-03755-2
000 00985nam0 2200265 450
001 1262304497
005 20121005171912.87
010    @a7-201-03755-2@dCNY14.00
100    @a20010808d2001 em y0chiy0110 ea
101 1  @achi@ceng
102    @aCN@b120000
105    @ay z 000yy
200 1  @a全球媒体@Aquan qiu mei ti@e全球资本主义的新传教士@f(美)爱德华·赫尔曼,(美)罗伯特·麦克切斯尼著@g甄春亮等译
210    @a天津@c天津人民出版社@d2001
215    @a266页@d20cm
330    @a本书介绍了全球媒体的兴起,90年代后期的全球媒体,全球媒体中的主要角色,全球媒体、互联网络与数字革命,美国以外的传媒等内容。
510 1  @aThe Global Media@eThe New Missionaries of Global Capitalism@zeng
606 0  @a新闻组织机构@x概况@y世界
606 0  @a新闻组织机构
690    @aG219.14@v4
701  1 @a赫尔曼@Ahe er man@b爱德华@4著
701  1 @a麦克切斯尼@Amai ke qie si ni@b罗伯特@4著
702  0 @a甄春亮@Azhen chun liang@4译
801  0 @aCN@bNLC@c20101222
905    @a10447@dG219.14@eJY141
    
    全球媒体:全球资本主义的新传教士/(美)爱德华·赫尔曼,(美)罗伯特·麦克切斯尼著/甄春亮等译.-天津:天津人民出版社,2001
    266页;20cm
    
    
    ISBN 7-201-03755-2:CNY14.00
    本书介绍了全球媒体的兴起,90年代后期的全球媒体,全球媒体中的主要角色,全球媒体、互联网络与数字革命,美国以外的传媒等内容。
●
相关链接 在E读中查询图书 在五车中查询图书 在当当中查询图书 在豆瓣中查询图书


正题名:全球媒体     索取号:G219.14/JY141         预约/预借

序号 登录号 条形码 馆藏地/架位号 状态 备注
1 7814848   278148489   学院路分馆/ [索取号:G219.14/JY141] 在馆    
2 7814849   278148498   学院路分馆/ [索取号:G219.14/JY141] 在馆    
3 7814850   278148504   学院路分馆/ [索取号:G219.14/JY141] 在馆    
唐山师范学院图书馆 欢迎您!
大连网信软件有限公司© 版权所有